MDQL
is popping MORE tags! Check the
thread
!
Quizzes
Events
Quiz Creation
Community
Videos
Private Events
Remove Ads
Sign In
Join for FREE
Feedback
Dark Mode
Quiz Categories
Sports
Geography
Music
Movies
Television
Just For Fun
Miscellaneous
History
Literature
Language
Science
Gaming
Entertainment
Religion
Holiday
For Kids
Quiz Lab
Recent
Popular Today
Quiz Kudos Today
Editor Picks
Curator Picks
Quizzes by...
Day
Popularity
Type
Ratings
Length
Year
Community
Subscriptions
Recent Discussions
Orange Saloon
Badges
Playlists
Quests
Create
Leaderboards
Showdown
Live 5
Trivia Bingo
Activity
Puzzle Library
Sporcle Events
Private Events
Virtual Trivia
Globe League
Become a Host
Pub Owners
SporcleCon
Opinionation
Our Games
Videos
Blog
Mobile Apps
Partnerships
Remove Ads and Go Orange
Feedback
Music
Pop Music
The Beatles
Song
Album
Lyrics
Bands
Singers
Artist
Clip
Rock
Rap
Classical
Billboard
Country Music
Kpop
Taylor Swift
Music
Pop Music
The Beatles
Song
Album
Lyrics
Bands
Singers
Artist
Clip
Rock
Rap
Classical
Billboard
Country Music
Kpop
Taylor Swift
Random Quiz
Search Sporcle
×
Quiz Lab
Quiz Lab
Music
Song
Type in answers that appear in a list
Type in answers that appear in a list
Classic
Best Score? Go Orange.
Hair Metal Stats
Can you name the hair band behind these songs. (Should be fairly easy for a hair metal fan)?
By
abbeyhuffine
10m
38 Questions
150 Plays
150 Plays
150 Plays
Comments
Comments
Give Quiz Kudos
Give Quiz Kudos
-
- Ratings
hide this ad
Random Order
Randomize order of answers
Randomize order of answers
Replay
Link that replays current quiz
Next Quiz
Link to next quiz in quiz playlist
You Got
0%
They Got
Avg Score
40%
Avg Friend Score
Upgrade to see
Score Distribution
Jump to the score distribution portion of the page
Score
0/38
Timer
10:00
0
Plays Today
Song Title
Band
% Correct
In And Out Of Love
Bon Jovi
74%
Starry Eyes
Motley Crue
73.3%
Don't Treat Me Bad
Firehouse
72.7%
Coming Home
Cinderella
72.7%
In The Sticks
Warrant
72%
Can't Stand The Heartache
Skid Row
68.7%
Stand Up (Kick Love Into Motion)
Def Leppard
64%
Want Some, Need Some
Poison
58.7%
Coming Of Age
Damn Yankees
57.3%
Anything Goes
Guns N' Roses
55.3%
Long Way To Love
Britny Fox
54%
Kittens Got Claws
Whitesnake
53.3%
Dirty Boys
Kix
52.7%
The Wild Life
Slaughter
52%
Will The Sun Rise?
Dokken
51.3%
Hide Your Heart
Kiss
51.3%
Sweet Little Loving
White Lion
51.3%
Riot On Sunset
L.A. Guns
46.7%
The Lady Wore Black
Queensryche
43.3%
Song Title
Band
% Correct
Hard As A Rock
Bulletboys
40.7%
Back To The Cave
Lita Ford
40%
When I'm President
Extreme
38%
Change In The Weather
Tesla
38%
Charmed Life
Vixen
37.3%
Don't Stop Runnin'
Y&T
32.7%
Only The Young
Pretty Boy Floyd
29.3%
Dynamite
Scorpions
29.3%
Miss Mystery
Black 'N Blue
28%
Rebel With A Cause
Silent Rage
16%
Shot Heard 'Round The World
Nitro
15.3%
Hideaway
Leatherwolf
12%
Trouble In Paradise
Princess Pang
12%
Why Call It Love
Phantom Blue
10.7%
Commercial Suicide
Kill For Thrills
10%
Hit And Run
Girlschool
8.7%
Out With The Boys
Lord Tracy
8.7%
Lights, Camera, Action
O'Dette
4.7%
That Kinda Girl
Precious Metal
3.3%
Quiz Playlist
Details
Report
Send in Message
Add To Playlist
Classic:
Type in answers that appear in a list
Random Order:
Randomize order of answers
Last Updated: Feb 16, 2017
Quiz Scoreboard
CHALLENGE
Sign Up to Join the Scoreboard
Show All
Scores
Hide
Comments
May contain spoilers
Recently Published
Street Fighter Characters
by Artimus82
Gaming
60s
9x9 Crossword: Cartoon Network
by jackfrog10
Miscellaneous
3m
College Basketball Coaching Resumes
by pancakes188
Sports
9m
More to Explore
Quiz From the Vault
Featured Blog Post
Where Did the Easter Bunny Come From?
hide this ad
You Might Also Like...
Tags
Song Quiz
hair
Today's Top Quizzes in Music
Browse Music
hide this ad
Today's Top Quizzes in Song
Browse Song
Top Contributed Quizzes in Music
1
Taylor Swift All Songs (2024)
2
Taylor Swift Logic Puzzle
3
Guess the Artist- 70s Songs
4
7-to-1: Billboard Hot 100 #1 Hits of 2010s
5
Sorting Albums and Songs
6
KPOP LOGIC QUIZ
7
Guess the Taylor Swift song (Mystery Song)
8
Guess The Taylor Swift Lyrics Song #1
9
Billboard Blitz: ABBA
10
Billboard Blitz: The Beatles
Explore More
Trending Topics
Disney
Harry Potter
Anime
Crossword
Marvel
NBA
Kpop
WWE
Country
Song
Puzzle
NFL
Pokémon
The Office
Soccer
hide this ad
More By:
abbeyhuffine
Quiz
Plays
Rating
Category
Featured
Created
Hair Metal
150
Music
Nov 15, 2011
Hair Metal Songs
69
4.50
Music
Nov 15, 2011
Hair Bands
43
4.00
Music
Feb 25, 2011
Go to Creator's Profile
Score Distribution
Quiz Creator Spotlight
abbeyhuffine
Follow
Send a Message
Quizzes Created
-
Created Quiz Play Count
-
More By This Creator
Popular Quizzes Today
1
Find the US States - No Outlines Minefield
2
Find the Countries of Europe - No Outlines Minefield
3
The Countries of the World
4
Find the US States
5
Risky Map Clicking: Biggest States A-Z
6
US States
7
Popular People in 1961
8
Movies - When Are They Set?
More Music Quizzes
3 Verdi Operas
Quiz Lab
Trending Quizzes
Risky Map Clicking: Least Populous States A-Z
Countries of the World: 200 Million BC
Billboard Blitz: Aretha Franklin
1-10 Letter G Words
Famous Russians: Author or Composer?
Recently Updated
Leaping Animals
pecheneg
Reality TV Shows (A-Z)
bhenderson79
Rickey Henderson's Hall of Fame Teammates
pecheneg
Champions League XIs: Arsenal
pecheneg
Quick Pick: Celebrities in WWE's Hall of Fame
aduchscher
A-Z Keypad Blitz II
pecheneg
Multiple Oscar Actors
pecheneg
Mystery Phrase Blitz: Oscar 'Best Actors'
pecheneg
F. Scott Fitzgerald Novels
LTH
Pick 3 Villains
ddd62291
Trending Topics
Marvel
Crossword
NBA
Anime
Kpop
Disney
Harry Potter
Pokémon
WWE
Song
Puzzle
Country
The Office
NFL
Soccer
Your Account Isn't Verified!
In order to create a playlist on Sporcle, you need to verify the email address you used during registration. Go to your
Sporcle Settings
to finish the process.
Report this User
Report this user for behavior that violates our
Community Guidelines
.
Details:
Send Report
Go to the Sporcle.com Mobile Site →
Comments